Представление документа в формате RUSMARC

ПолеНазваниеЗначение
  Тип записи a
  Библиографический уровень m
001 Контрольный номер RU/УОНБ/EK/583942766
005 Дата корректировки 20250520123138.7
010 Индекс ISBN __
d Цена 2 р. 10 к.
9 Тираж 18000 экз.
b Уточнения в пер.
100 Данные общей обработки __
a Данные общей обработки 20180703d1982 m y0rusy0189||||ca
101 Язык документа 1_
a Язык текста rus
c Язык оригинала vie
102 Страна публикации __
a Страна публикации RU
105 Кодированные данные (монография) __
a Кодированные данные (монография) a z 000yy
200 Заглавие и сведения об ответственности 1_
a Заглавие Искусство Вьетнама
e Сведения, относящиеся к заглавию очерки истории изобраз. искусства
e Сведения, относящиеся к заглавию [пер. с вьет.]
f Первые сведения об ответственности Нгуен Фи Хоань
g Последующие сведения об ответственности под ред. (с предисл. и примеч.] Д.В. Деопика
210 Выходные данные 1_
a Место издания Москва
c Издательство Прогресс
d Дата издания 1982
215 Физическое описание __
a Объем 167 с.
c Иллюстрации/тип воспроизводства ил., 24 л. цв. ил.
d Формат 22 см
606 Тематические рубрики 0_
a Основная рубрика Вьетнамское изобразительное искусство
x Основная подрубрика История
610 Ключевые слова 0_
a Ключевые слова вьетнамское изобразительное искусство
686 Индексы других классификаций __
a Классификационный индекс 85.103(5)
2 Код системы rubbk
700 Автор _1
a Фамилия Нгуен
b Имя (инициалы) Ф.Х.
g Полное личное имя Фи Хоань
702 Вторичная интеллектуальная ответственность _1
a Фамилия Деопик
b Имя (инициалы) Д.В.
4 Код отношения 080
4 Код отношения 340
801 Источник записи _0
a Страна RU
b Организация Ульяновская ОНБ
c Дата составления 20180703
g Правила каталогизации RCR
801 Источник записи _1
a Страна RU
b Организация Ульяновская ОНБ
c Дата составления 20180703
g Правила каталогизации RCR
901 Тип документа __
t Тип документа m
909 Создатель записи __
a Создатель записи Мазуренко
938 Служебная информация __
a Имя БД retro
b Имя библиотеки УОНБ
c Имя АИБС МАРК-SQL
d Номер DOC_ID в БД 256979